Statistics for Home Cities in History Quiz #2

Click here to take the quiz!

General Stats

  • This quiz has been taken 15,732 times
    (12,379 since last reset)
  • The average score is 13 of 22

Answer Stats

PersonHome City% Correct
SocratesAthens
91%
Barack ObamaChicago / Honolulu
89%
John LennonLiverpool
83%
Claude MonetParis
82%
Cornelius VanderbiltNew York City
79%
MuhammadMecca
78%
Bill GatesSeattle
73%
Elvis PresleyMemphis
70%
Sigmund FreudVienna
68%
Cosimo de' MediciFlorence
67%
Jackie ChanHong Kong
64%
Steve JobsSan Francisco
61%
Pope FrancisBuenos Aires
59%
James JoyceDublin
59%
Christopher ColumbusGenoa
45%
Michael JacksonGary, Indiana
36%
Rupert MurdochMelbourne
36%
Abraham LincolnSpringfield, Illinois
36%
Warren BuffetOmaha
34%
Muhammad AliLouisville
27%
The Wright BrothersDayton, Ohio
22%
ArchimedesSyracuse, Sicily
17%

Score Distribution

Percentile by Number Answered

Percent of People with Each Score

Your Score History

You have not taken this quiz since the last reset